Latin America and the Caribbean: a dissertation bibliography

Збережено в:
Бібліографічні деталі
Співавтор: University Microfilms International
Формат: Текст
Опубліковано: Michigan: University Microfilms International
Теги: Додати тег
Немає тегів, Будьте першим, хто поставить тег для цього запису!

MARC

LEADER 00000 a a2200000 04500
001 25260
003
040
090 |a 180700  
110 |a University Microfilms International  
245 |a Latin America and the Caribbean: a dissertation bibliography  
260 |a Michigan:   |b University Microfilms International  
300 |a 70 p  
500 |a Suplemento  
999 |c 16420  |d 16420